Statistics for Countries Sebastian Pinera has visited

Click here to take the quiz!

General Stats

  • This quiz has been taken 22 times
    (8 since last reset)
  • The average score is 20 of 22

Answer Stats

ContinentCountry% Correct
South AmericaArgentina
100%
South AmericaBrazil
100%
AsiaChina
100%
South AmericaColombia
100%
North AmericaCosta Rica
100%
EuropeGermany
100%
OceaniaNew Zealand
100%
North AmericaPanama
100%
South AmericaPeru
100%
EuropeSpain
100%
North AmericaUnited States of America
100%
South AmericaUruguay
100%
EuropeBelgium
86%
EuropeFrance
86%
North AmericaMexico
86%
OceaniaPapua New Guinea
86%
AsiaSingapore
86%
AsiaSouth Korea
86%
AsiaIsrael
71%
EuropeItaly
71%
North AmericaJamaica
71%
EuropeVatican City
71%

Score Distribution

Percentile by Number Answered

Percent of People with Each Score

Your Score History

You have not taken this quiz since the last reset